|
|
|
|
| LEADER |
00000nam0a2200000 4500 |
| 001 |
153118 |
| 005 |
20231031151239.0 |
| 010 |
|
|
|a 5247001087
|
| 020 |
|
|
|a RU
|b 88-33204
|
| 035 |
|
|
|a (RuTPU)RU\TPU\book\166120
|
| 090 |
|
|
|a 153118
|
| 100 |
|
|
|a 20090209d1988 m y0rusy5003 ca
|
| 101 |
0 |
|
|a rus
|
| 102 |
|
|
|a RU
|
| 105 |
|
|
|a a z 001zy
|
| 200 |
1 |
|
|a Историческая геотектоника. Докембрий
|f В. Е. Хаин, Н. А. Божко
|
| 210 |
|
|
|a Москва
|c Недра
|d 1988
|
| 215 |
|
|
|a 382 с.
|c ил.
|
| 320 |
|
|
|a Библиогр.: с. 357-371.
|
| 320 |
|
|
|a Предм. указ.: с. 372-381.
|
| 610 |
1 |
|
|a геотектоника
|
| 610 |
1 |
|
|a докембрий
|
| 610 |
1 |
|
|a докембрийские отложения
|
| 610 |
1 |
|
|a катархей
|
| 610 |
1 |
|
|a архей
|
| 610 |
1 |
|
|a рифей
|
| 610 |
1 |
|
|a венд
|
| 700 |
|
1 |
|a Хаин
|b В. Е.
|g Виктор Ефимович
|4 070
|
| 701 |
|
1 |
|a Божко
|b Н. А.
|g Николай Андреевич
|4 070
|
| 801 |
|
0 |
|a RU
|b RuMRKP
|c 19950417
|g psbo
|
| 801 |
|
1 |
|a RU
|b 63413507
|c 20090209
|g PSBO
|
| 801 |
|
2 |
|a RU
|b 63413507
|c 20100428
|g PSBO
|
| 942 |
|
|
|c BK
|